000
00343nam a2200145Ia 4500
008
150201s2003 xx 000 0 und d
082
_a
610.7
_b
B2003P
100
_a
POTTER
245
_a
BASIC NURSING : ESSENTIAL FOR PRACTICE
250
_a
5TH
260
_b
ELSEVIER
_a
DELHI
_c
2003
300
_a
1-1000
650
_a
NURSING
942
_2
ddc
_c
BK
999
_c
3900
_d
3900